000 00606nam a2200205 4500
001 116496
003 ES-MaACL
005 20230906190722.0
007 t|
008 061121s1977 sp r ||||1| spa d
100 1 _aOswald, Ian.
_987848
245 1 3 _aEl sueño, ensueño, hipnosis, insomnio /
_cIan Oswald ; traducción de María Pilar Donoso.
260 _aMadrid :
_bGuadarrama,
_c1977.
300 _a190 p. :
_bil. ;
_c18 cm.
490 1 _aPunto Omega
700 1 _aDonoso, María Pilar.
_945338
830 0 _aPunto Omega
_9180707
852 _aES-MaACL
_jA-6854
_bR.95987
999 _c116496
_d116496